LEADER 00949cam0 22002653 450 001 SOB016736 005 20230726103855.0 010 $a8814093806 100 $a20040211d2002 |||||ita|0103 ba 101 $aita 102 $aIT 200 1 $a<>espropriazione per pubblica utilità$ecommento al testo unico emanato con il decreto del Presidente della repubblica 8 giugno 2001, n. 327$fFrancesco Caringella ... [et al.] 210 $aMilano$cGiuffrè$d2002 215 $aXXVI, 843 p.$d24 cm 300 $aSegue: Appendice 702 1$aCaringella, Francesco$3AF00003949$4070 801 0$aIT$bUNISOB$c20230726$gRICA 850 $aUNISOB 852 $aUNISOB$j340$m109976 912 $aSOB016736 940 $aM 102 Monografia moderna SBN 941 $aM 957 $a340$b003695$gSI$d109976$rACQUISTO$1rovito$2UNISOB$3UNISOB$420230726102616.0$520230726102633.0$6rovito 996 $aEspropriazione per pubblica utilità$9105271 997 $aUNISOB